| 000 | 00643nam a22002297a 4500 | ||
|---|---|---|---|
| 005 | 20220329141247.0 | ||
| 008 | 971010s1989 r 00010 d | ||
| 010 | _a65328 | ||
| 011 | _a66300 | ||
| 035 | _a74360 | ||
| 082 |
_a631.44 _bS93 |
||
| 100 | 0 | 0 |
_aSzabolcs, Istvan. _9111167 |
| 245 | _aSalt-Affected soils | ||
| 260 |
_aBoca Raton, Fla. : _bCRC Press, _c1989 |
||
| 300 | _a274 p. | ||
| 500 | _a1992-293 | ||
| 590 |
_aBATCH-UPD _b10 _c20130110 _lUCH01 _h1855 |
||
| 590 |
_aCONVERSION _b10 _c20130109 _lUCH01 _h1336 |
||
| 650 | 1 | 4 |
_aSuelos salinos. _9110558 |
| 901 | _aBK | ||
| 949 |
_a631.44 S93 _bI _cLIBRO _d-7226 _eLIBRO _h3999 _i74360 _si |
||
| 999 |
_c65328 _d65328 |
||